<?xml version="1.0" encoding="UTF-8"?>
<record
    xmlns:xsi="http://www.w3.org/2001/XMLSchema-instance"
    xsi:schemaLocation="http://www.loc.gov/MARC21/slim http://www.loc.gov/standards/marcxml/schema/MARC21slim.xsd"
    xmlns="http://www.loc.gov/MARC21/slim">

  <leader>00567nam a22001937a 4500</leader>
  <controlfield tag="005">20240124110754.0</controlfield>
  <controlfield tag="008">240124b        |||||||| |||| 00| 0 eng d</controlfield>
  <datafield tag="020" ind1=" " ind2=" ">
    <subfield code="a">978-93-7473-699-9</subfield>
  </datafield>
  <datafield tag="041" ind1=" " ind2=" ">
    <subfield code="a">eng</subfield>
  </datafield>
  <datafield tag="082" ind1=" " ind2=" ">
    <subfield code="2">2nd</subfield>
    <subfield code="a">MS610.7377SHAB10746</subfield>
    <subfield code="b">SHA</subfield>
  </datafield>
  <datafield tag="100" ind1=" " ind2=" ">
    <subfield code="a">Sharma M P</subfield>
  </datafield>
  <datafield tag="245" ind1=" " ind2=" ">
    <subfield code="a">Comprehensive Textbook of Medical Surgical Nursing - II</subfield>
  </datafield>
  <datafield tag="250" ind1=" " ind2=" ">
    <subfield code="a">2nd</subfield>
  </datafield>
  <datafield tag="260" ind1=" " ind2=" ">
    <subfield code="a">New Delhi</subfield>
    <subfield code="b">AITBS Pub.</subfield>
    <subfield code="c">2022</subfield>
  </datafield>
  <datafield tag="300" ind1=" " ind2=" ">
    <subfield code="a">672p</subfield>
    <subfield code="b">Pb</subfield>
    <subfield code="c">27.5X21.5cm</subfield>
  </datafield>
  <datafield tag="365" ind1=" " ind2=" ">
    <subfield code="a">Rupaye</subfield>
    <subfield code="b">1199.00</subfield>
    <subfield code="c">INR</subfield>
  </datafield>
  <datafield tag="521" ind1=" " ind2=" ">
    <subfield code="a">Comprehensive Textbook
Medical Surgical
Nursing
BSc</subfield>
  </datafield>
  <datafield tag="942" ind1=" " ind2=" ">
    <subfield code="c">BK</subfield>
  </datafield>
  <datafield tag="999" ind1=" " ind2=" ">
    <subfield code="c">356928</subfield>
    <subfield code="d">356928</subfield>
  </datafield>
  <datafield tag="952" ind1=" " ind2=" ">
    <subfield code="0">0</subfield>
    <subfield code="1">0</subfield>
    <subfield code="2">ddc</subfield>
    <subfield code="4">0</subfield>
    <subfield code="7">0</subfield>
    <subfield code="a">BTIN</subfield>
    <subfield code="b">BTIN</subfield>
    <subfield code="d">2023-12-20</subfield>
    <subfield code="e">Patil Medical Book House</subfield>
    <subfield code="g">1199.00</subfield>
    <subfield code="i">2833</subfield>
    <subfield code="l">2</subfield>
    <subfield code="o">MS610.7377 SHA B10746 </subfield>
    <subfield code="p">BTIN-BK-10746</subfield>
    <subfield code="r">2024-04-06 00:00:00</subfield>
    <subfield code="s">2024-04-06</subfield>
    <subfield code="t">299.75</subfield>
    <subfield code="v">899.25</subfield>
    <subfield code="w">2023-12-13</subfield>
    <subfield code="y">BK</subfield>
    <subfield code="z">BTIN-BK-10746</subfield>
  </datafield>
  <datafield tag="952" ind1=" " ind2=" ">
    <subfield code="0">0</subfield>
    <subfield code="1">0</subfield>
    <subfield code="2">ddc</subfield>
    <subfield code="4">0</subfield>
    <subfield code="7">0</subfield>
    <subfield code="a">BTIN</subfield>
    <subfield code="b">BTIN</subfield>
    <subfield code="d">2023-12-20</subfield>
    <subfield code="e">Patil Medical Book House</subfield>
    <subfield code="g">1199.00</subfield>
    <subfield code="i">2833</subfield>
    <subfield code="l">29</subfield>
    <subfield code="m">20</subfield>
    <subfield code="o">MS610.7377 SHA B10747 </subfield>
    <subfield code="p">BTIN-BK-10747</subfield>
    <subfield code="q">2026-04-07</subfield>
    <subfield code="r">2026-03-27 15:32:31</subfield>
    <subfield code="s">2026-03-27</subfield>
    <subfield code="t">299.75</subfield>
    <subfield code="v">899.25</subfield>
    <subfield code="w">2023-12-13</subfield>
    <subfield code="y">BK</subfield>
    <subfield code="z">BTIN-BK-10747</subfield>
  </datafield>
  <datafield tag="952" ind1=" " ind2=" ">
    <subfield code="0">0</subfield>
    <subfield code="1">0</subfield>
    <subfield code="2">ddc</subfield>
    <subfield code="4">0</subfield>
    <subfield code="7">0</subfield>
    <subfield code="a">BTIN</subfield>
    <subfield code="b">BTIN</subfield>
    <subfield code="d">2023-12-20</subfield>
    <subfield code="e">Patil Medical Book House</subfield>
    <subfield code="g">1199.00</subfield>
    <subfield code="i">2833</subfield>
    <subfield code="l">31</subfield>
    <subfield code="m">21</subfield>
    <subfield code="o">MS610.7377 SHA B10748 </subfield>
    <subfield code="p">BTIN-BK-10748</subfield>
    <subfield code="q">2026-04-07</subfield>
    <subfield code="r">2026-03-27 15:34:37</subfield>
    <subfield code="s">2026-03-27</subfield>
    <subfield code="t">299.75</subfield>
    <subfield code="v">899.25</subfield>
    <subfield code="w">2023-12-13</subfield>
    <subfield code="y">BK</subfield>
    <subfield code="z">BTIN-BK-10748</subfield>
  </datafield>
  <datafield tag="952" ind1=" " ind2=" ">
    <subfield code="0">0</subfield>
    <subfield code="1">0</subfield>
    <subfield code="2">ddc</subfield>
    <subfield code="4">0</subfield>
    <subfield code="7">0</subfield>
    <subfield code="a">BTIN</subfield>
    <subfield code="b">BTIN</subfield>
    <subfield code="d">2023-12-20</subfield>
    <subfield code="e">Patil Medical Book House</subfield>
    <subfield code="g">1199.00</subfield>
    <subfield code="i">2833</subfield>
    <subfield code="l">23</subfield>
    <subfield code="m">21</subfield>
    <subfield code="o">MS610.7377 SHA B10749 </subfield>
    <subfield code="p">BTIN-BK-10749</subfield>
    <subfield code="r">2026-03-24 17:44:21</subfield>
    <subfield code="s">2026-03-10</subfield>
    <subfield code="t">299.75</subfield>
    <subfield code="v">899.25</subfield>
    <subfield code="w">2023-12-13</subfield>
    <subfield code="y">BK</subfield>
    <subfield code="z">BTIN-BK-10749</subfield>
  </datafield>
  <datafield tag="952" ind1=" " ind2=" ">
    <subfield code="0">0</subfield>
    <subfield code="1">0</subfield>
    <subfield code="2">ddc</subfield>
    <subfield code="4">0</subfield>
    <subfield code="7">0</subfield>
    <subfield code="a">BTIN</subfield>
    <subfield code="b">BTIN</subfield>
    <subfield code="d">2023-12-20</subfield>
    <subfield code="e">Patil Medical Book House</subfield>
    <subfield code="g">1199.00</subfield>
    <subfield code="i">2833</subfield>
    <subfield code="l">25</subfield>
    <subfield code="m">16</subfield>
    <subfield code="o">MS610.7377 SHA B10750 </subfield>
    <subfield code="p">BTIN-BK-10750</subfield>
    <subfield code="r">2026-03-16 16:27:18</subfield>
    <subfield code="s">2026-03-10</subfield>
    <subfield code="t">299.75</subfield>
    <subfield code="v">899.25</subfield>
    <subfield code="w">2023-12-13</subfield>
    <subfield code="y">BK</subfield>
    <subfield code="z">BTIN-BK-10750</subfield>
  </datafield>
</record>
